000 00575nam a2200205Ia 4500
005 20250923145617.0
008 008 250917s9999 xx 000 0 eng d
037 _aTextual
040 _aDSWL
_beng
_cDSWL
041 _aeng
_2eng
084 _aYX;5x, N81
_qDSWL
245 0 _aTheories of practice in social work
_cEd. by P. Hardiker
260 _aNew York
_b Academic Press
_c1981
300 _aviii,313 p.
365 _aINR
_b227.25
700 _a M. Barker
_9837149
925 _g227.25
942 _cTEXL
_hYX;5x, N81
999 _c1453446
_d1453446